| 000 | 01183nam a2200229Ia 4500 | ||
|---|---|---|---|
| 003 | OSt | ||
| 005 | 20210429102306.0 | ||
| 008 | 210310s1957 ar gr 000 0 spa d | ||
| 040 |
_aCO-JMCR _cCO-JMCR |
||
| 041 | 1 |
_aspa _heng |
|
| 082 | 0 | 4 |
_a330.947 / _bU777e _223 |
| 110 | 2 |
_aComisión estadística central del consejo de ministros de la U.R.S.S. _937234 |
|
| 245 | 1 | 0 |
_aEconomía nacional de la U.R.S.S. : _bcuadros estadísticos / _cComisión estadística central del consejo de ministros de la U.R.S.S. ; traducción del inglés Floreal Mazía |
| 260 |
_aBuenos Aires, Argentina : _bFundamentos, _c1957. |
||
| 300 |
_a230 páginas ; _c22 cm. |
||
| 500 | _aIncluye notas a pie de pagina. | ||
| 505 | 0 | _aAgricultura. -- Construcción de capitales. -- Transporte y comunicación. -- Cantidad de empleados, disponibilidad de especialistas y adiestramiento de obreros especializados. -- Giro de mercancías. -- Cultura. -- Salud púbica. -- Superficie y población de la U.R.S.S. y otros países. | |
| 650 | 1 | 4 |
_aEconomía nacional. _zU.R.S.S _925911 |
| 650 | 1 | 4 |
_zTransporte y comunicaciones _aU.R.S.S _937235 |
| 700 | 1 |
_aMazía, Floreal _etraductor _96225 |
|
| 942 |
_2ddc _cBK |
||
| 999 |
_c11583 _d11583 |
||